Triết luận về con người trong tiểu thuyết Tạ Duy Anh

Tạ Duy Anh và hành trình đi tìm những câu trả lời về con người. Sự chi phối của triết luận về con người đối với tổ chức cốt truyện và nhân vật. Sự chi phối của triết luận về con người đối với nghệ thuật trần thuật.

Sparad:
Bibliografiska uppgifter
Huvudupphovsman: Nguyễn Thị Lý
Övriga upphovsmän: Nguyễn Thị Bình PGS TS. (Hướng dẫn)
Materialtyp: Bok
Språk:Vietnamese
Publicerad: Đà Nẵng Đại học Đà Nẵng 2009
Ämnen:
Taggar: Lägg till en tagg
Inga taggar, Lägg till första taggen!
Thư viện lưu trữ: Mạng thư viện Đại học Đà Nẵng
LEADER 01663nam a2200337 4500
001 000010690
003 6901
005 20111219081204.0
008 111219s2009 viesd
041 |a vie 
072 |a Luận văn Thạc sĩ khoa học xã hội và nhân văn 
082 |a 895.9223  |b NG-L 
100 1 |a Nguyễn Thị Lý 
245 1 |a Triết luận về con người trong tiểu thuyết Tạ Duy Anh  |c Nguyễn Thị Lý 
260 |a Đà Nẵng  |b Đại học Đà Nẵng  |c 2009 
300 |a 88 tr.  |c 29 cm  |e 1 tóm tắt 
500 |a Luận văn Thạc sĩ Khoa học xã hội và nhân văn. Chuyên ngành: Văn học Việt Nam. Mã số: 60.22.34 
520 |a Tạ Duy Anh và hành trình đi tìm những câu trả lời về con người. Sự chi phối của triết luận về con người đối với tổ chức cốt truyện và nhân vật. Sự chi phối của triết luận về con người đối với nghệ thuật trần thuật. 
653 |a Những điểm nhìn độc đáo, dị biệt  |a Tạ Duy Anh 
653 |a Luận văn Thạc sĩ Văn học Việt Nam 
700 1 |a Nguyễn Thị Bình  |c PGS TS.  |e Hướng dẫn 
OWN |a LSP 
AVA |a UDN50  |b LSP  |d 895.9223 NG-L  |e available  |t Error 5001 Not defined in file expand_doc_bib_avail.  |f 1  |g 0  |h N  |i 0  |k 1 
999 |a From the UDN01 
AVA |a UDN50  |b LSP  |d 895.9223 NG-L  |e available  |t Error 5001 Not defined in file expand_doc_bib_avail.  |f 1  |g 0  |h N  |i 0  |k 1 
TYP |a Monograph 
TYP |a Printed language 
980 |a Mạng thư viện Đại học Đà Nẵng